| 000 | 02073nas a2200541 i 4500 | ||
|---|---|---|---|
| 001 | 196136 | ||
| 003 | ES-MaACL | ||
| 005 | 20250724062616.0 | ||
| 007 | ta | ||
| 008 | 240814|19869999sp qr p 0uuub0spa | ||
| 010 |
_ac _b1 |
||
| 016 | 7 |
_abiseBNE19950052029 _2SpMaBN _zBNR10157 |
|
| 017 |
_aM 44655-1986 _bOficina Depósito Legal Madrid |
||
| 022 | 0 | _a0213-4721 | |
| 035 | _a(OCoLC)436592156 | ||
| 035 | _a(SpMaBN)bise0000038158 | ||
| 035 | _a991029722999708606 | ||
| 037 |
_bMonte Esquinza, 30; tf. 91-3104696, fax91-3194585; c.e.: editorial@fpabloiglesias.es, p. web: www.arce.es/Letra.html _c450 pta fasc |
||
| 040 |
_aSpMaBN _bspa _cSIC |
||
| 080 | _a008 | ||
| 210 | 0 | _aLet. int. | |
| 222 | 0 | _aLetra internacional | |
| 245 | 0 | 0 | _aLetra internacional |
| 260 |
_aMadrid : _bEditorial Pablo Iglesias, _cD.L. 1986- |
||
| 300 |
_av. ; _c37 cm |
||
| 310 |
_atrimestral _b2000- |
||
| 321 |
_aTrimestral _b1986-1994 |
||
| 321 |
_abimestral _b1995-1999 |
||
| 336 |
_2rdacontent _atexto |
||
| 337 |
_2rdamedia _asin mediación |
||
| 338 |
_2rdacarrier _avolumen |
||
| 362 | 0 | _aN. 1 (en.-marzo 1986)- | |
| 500 | _aSe edita en varias lenguas | ||
| 594 | _aTítulo tomado de la cubierta | ||
| 597 | _aVariaciones en el formato | ||
| 650 | 7 |
_aCultura _2embne _9170963 |
|
| 655 | 7 |
_9226866 _aRevistas |
|
| 775 | 1 |
_tLettre internationale (Paris. 1984) _x0762-3690 |
|
| 787 | 1 |
_tLettera internazionale (Testo stampato) _x1592-2898 |
|
| 787 | 1 |
_tLettre international (Sarajevsko izd.) _x2490-2276 |
|
| 852 |
_aES-MaACL _jHEM-1728 _91383 _cHEM _zCompra: 2005-2011. Donación: 2012- _zRevista viva _hDonación: Editorial |
||
| 856 | 4 | 1 |
_31986-2013 _uhttp://prensahistorica.mcu.es/es/consulta/registro.cmd?id=1028995 _yPrensa Histórica |
| 856 |
_uhttps://dialnet.unirioja.es/servlet/revista?codigo=1923 _ySumarios de la revista en Dialnet. |
||
| 866 | 0 | _o1986-1994(1995),2000-2024. | |
| 942 |
_2udc _n0 _cPERIODICA |
||
| 955 | _bCRON CRON | ||
| 999 |
_c196136 _d196136 |
||